Music Quiz

Random Music or Artist Quiz

Musicians by Logo Quiz Stats

 Plays Quiz Updated Mar 8, 2017

Support Sporcle.
Go Orange.
Score 0/20 Timer 03:00
7 Plays Today
Number Musician % Correct
3.The Rolling Stones
94.6%
13.Van Halen
85.8%
9.Nine Inch Nails
70%
16. Nirvana
57.5%
7.Red Hot Chili Peppers
57.1%
1.Ramones
55.4%
11.Prince
54.9%
6.Wu-Tang Clan
37.7%
10.Grateful Dead
36.7%
8.Queen
35.3%
Number Musician % Correct
14. Weezer
30.8%
18.Misfits
29.4%
15.The Offspring
25.1%
12.H.I.M.
24.2%
19.Slipknot
23.3%
2.Public Enemy
22.3%
Twisted Sister
16.1%
4.Rush
14.8%
17.Black Flag
14.5%
5.Radiohead
13.5%

From the Vault

22 Ways Not to Go to the 'Lake'

by timmylemoine1

Language 90s
For those of you that don't like water and/or sunshine.
Remove Ads.
Support Sporcle.
Get the best of Sporcle when you Go Orange. This ad-free experience offers more features, more stats, and more fun while also helping to support Sporcle. Thank you for becoming a member.

Show Comments

Extras

Top Quizzes Today


Score Distribution

Your Account Isn't Verified!

In order to create a playlist on Sporcle, you need to verify the email address you used during registration. Go to your Sporcle Settings to finish the process.

Report this User

Report this user for behavior that violates our Community Guidelines.

Details: